01365nam a2200253 4500003000800000005001700008008004100025040002600066041000800092100003800100245029200138260004300430300002900473502017900502504005100681650003700732650002800769650002700797650005000824650004100874650007700915700003800992830008101030DO-SdUA20250325093537.0 s2020 dr a|| |||| 0 |a||0|spa d aDO-SdUAbspacDO-SdUA0 aspa1 aFernández Báez, Mayra Joselyn10aDesarrollo de la lateralidad a partir de actividades lúdicas en los niños del grado preprimario, sección A, Centro Educativo Francisco del Rosario Sánchez, Distrito 02-05 San Juan Este, año lectivo 2018-2019 /cMayra Joselyn Fernández Báez, Henna Elizaura Valdez Contreras. aSan Juan de la Maguana :bUASD,c2020. avii, 95, [43], h. :bil. aTesis y trabajo de grado (Maestría en Procesos Pedagógicos y Gestión de la Educación Inicial)--Universidad Autónoma de Santo Domingo, San Juan de la Maguana , 2020. aIncluye referencias bibliográficas y anexos. 72lembaLateralidad (Fisiología) 72lembaJuegos infantiles 72lembaJuegos escolares 72lembaEducación preescolarxInvestigaciones 7aProcesos educativosxInvestigaciones 72lembaAdministración escolar (Educación preescolar)xInvestigaciones1 aValdez Contreras, Henna Elizaura  aTesis y disertaciones académicas (Universidad Autónoma de Santo Domingo)